00223nam a2200097Ia 4500008004100000100002200041245002800063260001800091300000800109650000800117191201s2019 xx 000 0 und d aPATHAK, Bharati V 0aIndian Financial System bPearsonc2019 a876 aBBA